000 00446nam a2200145Ia 4500
008 211109s9999||||xx |||||||||||||| ||und||
082 _a235.2
_bBOS-M
100 _aBosco, V John
245 0 _aMathruka Balan:Life of Dominic Savio, Tr By fr Peter V Parampil
260 _bC M P
_aKottayam
_c1956
300 _a146p.
630 _xGeneral Stack
650 _ajesus christ
_vchristiansaintsst dominic xaviocatholic church
_xGeneralia
942 _cBOOK
999 _c18933
_d18933